000 01952nam a2200457 c 4500
003 BLK
005 20240626095236.0
008 180408b bul|||||r ||||||| ||bul||
010 _aKNG00091783000
020 _a978-954-9757-32-3
_bиздат.: Алтера
040 _aBLK
041 _aBUL
_cBUL
080 _aБългарска литература
_b821.163.2
_x(092)
_z821.163.2(092)
080 _aБългарска литература
_b821.163.2
_x.09
_z821.163.2.09
080 _aБългарска литература
_b821.163.2
_x(091)
_z821.163.2(091)
080 _aБиографии
_b929
_x(497.2)
_z929(497.2)
700 1 _aКирова, Милена
_eсъстав.
_9363592
139 _aНеслученият канон
_bН 60
245 1 0 _aНеслученият канон
_bБълг. писателки от Възраждането до Втората световна война
_cсъстав. Милена Кирова.
257 _aBGR
260 София
_bАлтера
_c2009
_fСофия : Симолини-94
300 _a432 с.
_c21 см
380 _a82
490 1 _aНеслученият канон
500 _aБиблиогр. под линия и след отд. статии. - Офс. изд.
650 0 _aПисатели, български
_9241944
650 4 _aБългарска литература - история
_9246271
650 4 _aЖени - писателки
_9291872
651 4 _aБългария
_9241624
653 _aбългарски писатели
653 _aбългарска литература
653 _aжени
653 _aистория на литературата
653 _aлитературна критика
852 _aЦб 245536
856 4 _qpdf
_u
856 4 _qpdf
_u
942 _cKNG
_n0
_02
944 _aCR
_c02.10.2009
_lЦветомила Тодорова
_k30576
944 _aED
_c16.11.2015
_lф /
_kВиолета_Тройчева
999 _c87153
_d87153